[Event "7th HD Bank Cup 2017"]
[Site "masterchessopen.com Ho Chi Minh City VIE"]
[Date "2017.03.14"]
[Round "5.43"]
[White "Schebler,G"]
[Black "Nishant,M"]
[Result "1-0"]
[WhiteElo "2402"]
[BlackElo "2198"]

1.Nf3 Nf6 2.c4 c6 3.g3 d5 4.Bg2 g6 5.b3 Bg7 6.Bb2 O-O 7.O-O b6 8.Qc2 Bb7 9.d4
Nbd7 10.Nc3 Qc7 11.Rfd1 Rac8 12.Rac1 Qb8 13.e4 dxe4 14.Nxe4 Nxe4 15.Qxe4 e6
16.Ne5 Rc7 17.Qe2 Rd8 18.Ng4 Nf6 19.Ne3 Rcd7 20.Rc2 Qc7 21.Rcd2 h5 22.h4 Ba8
23.Bf3 Ne8 24.Rd3 Qc8 25.Kh2 Nc7 26.Bg2 Ne8 27.Bh3 Qc7 28.Bc3 Bf6 29.Kg1 Bg7
30.Qc2 Bf6 31.R3d2 Kh7 32.Ng2 Ng7 33.Ne3 Kg8 34.Rd3 Ne8 35.a4 Bb7 36.Qa2 Bg7
37.Qb1 Bf6 38.Qb2 Bg7 39.Qa1 Kh7 40.a5 Qb8 41.R3d2 Qc7 42.Ng2 Rd6 43.Qb2 c5
44.dxc5 bxc5 45.Nf4 Bxc3 46.Qxc3 Ng7 47.Kh2 Rd4 48.Rxd4 cxd4 49.Rxd4 Rxd4
50.Qxd4 Qxa5 51.Qd7 Be4 52.Qxf7 Qe1 53.Ng2 a5 {#r} 1-0

[Event "7th HD Bank Cup 2017"]
[Site "masterchessopen.com Ho Chi Minh City VIE"]
[Date "2017.03.14"]
[Round "5.46"]
[White "Nguyen Thi Thanh An"]
[Black "Ivana Maria,F"]
[Result "1-0"]
[WhiteElo "2283"]
[BlackElo "2150"]

1.d4 Nf6 2.c4 e6 3.Nc3 Bb4 4.Qc2 c5 5.dxc5 Na6 6.a3 Bxc3+ 7.Qxc3 Nxc5 8.b4 Na4
9.Qc2 b5 10.cxb5 Nb6 11.e4 Bb7 12.Bd3 Rc8 13.Qe2 Na4 14.f3 d5 15.e5 Nd7 16.f4
Nc3 17.Qf2 Nb6 18.Nf3 Ne4 19.Qe2 O-O 20.O-O Ra8 21.Be3 Na4 22.Rac1 Qe7 23.Rc2
Nb6 24.Rfc1 Rfc8 25.Rc5 Rab8 26.Ng5 Nxc5 27.bxc5 Nc4 28.Bxh7+ Kf8 29.Bd3 Nxe3
30.Qxe3 a6 31.a4 axb5 32.axb5 Rc7 33.Qh3 Ke8 34.c6 Bxc6 35.bxc6 {#r} 1-0

[Event "7th HD Bank Cup 2017"]
[Site "masterchessopen.com Ho Chi Minh City VIE"]
[Date "2017.03.14"]
[Round "5.47"]
[White "Tran Le Dan Thuy"]
[Black "Le Thanh Tu"]
[Result "1-0"]
[WhiteElo "2028"]
[BlackElo "2271"]

1.e4 c5 2.Nf3 Nc6 3.d4 cxd4 4.Nxd4 Qb6 5.Nb3 Nf6 6.Nc3 e6 7.a3 Be7 8.Be3 Qc7
9.f4 d6 10.Be2 a6 11.O-O O-O 12.Qe1 b5 13.Qg3 Bb7 14.Bf3 e5 15.f5 Kh8 16.Nd5
Nxd5 17.exd5 Nb8 18.f6 Bxf6 19.Be4 Qd8 20.Rxf6 g6 21.Raf1 {#r} 1-0

[Event "7th HD Bank Cup 2017"]
[Site "masterchessopen.com Ho Chi Minh City VIE"]
[Date "2017.03.14"]
[Round "5.50"]
[White "Phan Nguyen Mai Chi"]
[Black "Chan,Kim Yew"]
[Result "1-0"]
[WhiteElo "2115"]
[BlackElo "2176"]

1.d4 Nf6 2.Nf3 e6 3.Bf4 c5 4.e3 Nc6 5.c4 cxd4 6.exd4 d5 7.Nc3 Be7 8.Be2 O-O
9.O-O dxc4 10.Bxc4 Nb4 11.Rc1 Nbd5 12.Be5 b6 13.Qe2 Bb7 14.Ba6 Bxa6 15.Qxa6
Qc8 16.Qe2 Nxc3 17.bxc3 Qb7 18.c4 Rac8 19.Rc3 Rc6 20.Nd2 Nd7 21.Rg3 Nxe5
22.Qxe5 g6 23.Rh3 Qc7 24.Qe3 f5 25.d5 exd5 26.cxd5 Rd6 27.Nc4 Rdf6 28.Qb3 Bd6
29.Re1 Rc8 30.Nxd6 Rxd6 31.Rhe3 Qf7 32.Re5 Rcd8 33.h3 Kf8 34.Qb4 a5 35.Qh4
R6d7 36.Re6 Kg8 37.Re7 g5 38.Qxg5+ Qg6 39.Qf4 Rxd5 40.R1e6 Rd1+ 41.Kh2 Qh5
42.Qg3+ {#r} 1-0

[Event "7th HD Bank Cup 2017"]
[Site "masterchessopen.com Ho Chi Minh City VIE"]
[Date "2017.03.14"]
[Round "5.51"]
[White "Rowe,D"]
[Black "Vasilyev,M"]
[Result "1-0"]
[WhiteElo "2162"]
[BlackElo "2165"]

1.Nf3 Nf6 2.c4 g6 3.b4 Bg7 4.Bb2 O-O 5.e3 d6 6.d4 Nbd7 7.Bd3 c6 8.O-O Re8 9.e4
e5 10.d5 c5 11.b5 Nh5 12.Nc3 Nf4 13.Re1 Nxd3 14.Qxd3 Rf8 15.Bc1 h6 16.g3 f5
17.Nh4 Qf6 18.Bb2 f4 19.Ne2 Qg5 20.f3 Qh5 21.Rf1 Nf6 22.Ng2 g5 23.Rf2 Qg6
24.Re1 h5 25.gxf4 exf4 26.h4 gxh4 27.Nxf4 Qg5 28.Bc1 Rf7 29.Ne6 Qg6 30.Ng5 b6
31.Nxh4 Qh6 32.Nxf7 Qh7 33.Ng5 Qh8 34.e5 Bd7 35.exf6 Bxf6 36.Qg6+ {#r} 1-0

[Event "St Louis Winter Classic A"]
[Site "masterchessopen.com Saint Louis USA"]
[Date "2017.03.14"]
[Round "4.3"]
[White "Li,Ruifeng"]
[Black "Cordova,E"]
[Result "1-0"]
[WhiteElo "2577"]
[BlackElo "2655"]

1.e4 c5 2.Nc3 a6 3.g3 b5 4.Bg2 Bb7 5.d3 e6 6.Nh3 Nf6 7.O-O b4 8.Na4 d6 9.c3
bxc3 10.bxc3 Nbd7 11.Nb2 Be7 12.f4 Qc7 13.Nf2 h6 14.Be3 Rb8 15.Qd2 d5 16.e5 d4
17.cxd4 Bxg2 18.Kxg2 Qb7+ 19.Kg1 Qxb2 20.Qxb2 Rxb2 21.exf6 Nxf6 22.dxc5 Kd7
23.d4 Nd5 24.Nd3 Re2 25.Bf2 Bf6 26.Rfe1 Rd2 27.Red1 Rxd1+ 28.Rxd1 Rb8 29.Rc1
Kc6 30.Kg2 Rb5 31.Rc4 Rb1 32.Kf3 a5 33.g4 Rd1 34.Ke2 Ra1 35.Rc2 g5 36.fxg5
hxg5 37.Kf3 Rh1 38.Kg2 Rd1 39.Nb2 Rb1 40.Nc4 a4 41.Kf3 Nb4 42.Rd2 Rc1 43.Nd6
Ra1 44.Rb2 Nd3 45.Rb6+ Kd5 46.Ne4 Nxf2 47.Rd6+ Kc4 48.Nxf6 Rxa2 49.c6 Rc2
50.c7 Kd3 51.d5 Rxc7 52.dxe6+ Kc2 53.Nd5 Ra7 54.Rd7 fxe6 55.Rxa7 {#r} 1-0

[Event "St Louis Winter Classic A"]
[Site "masterchessopen.com Saint Louis USA"]
[Date "2017.03.14"]
[Round "4.5"]
[White "Ipatov,Alexander"]
[Black "Zherebukh,Y"]
[Result "1-0"]
[WhiteElo "2660"]
[BlackElo "2605"]

1.Nf3 Nf6 2.g3 g6 3.Bg2 Bg7 4.d4 d5 5.O-O O-O 6.c3 a5 7.c4 c6 8.cxd5 cxd5
9.Nc3 Ne4 10.Ng5 Nf6 11.Nf3 Ne4 12.Ng5 Nf6 13.Nh3 Nc6 14.Nf4 e6 15.e3 b6
16.Re1 Ba6 17.b3 Rc8 18.Bb2 Re8 19.Qd2 Bf8 20.Rad1 Ne7 21.Ba3 Nf5 22.Bxf8 Kxf8
23.Qb2 Nd6 24.f3 Re7 25.e4 Rec7 26.Re3 Kg8 27.Bh3 Nb5 28.Nxe6 fxe6 29.Bxe6+
Kg7 30.Bxc8 Qxc8 31.e5 Ng4 32.Nxb5 Nxe3 33.Nxc7 Nxd1 34.Qc1 Be2 35.Qc6 Qf5
36.Ne8+ Kf8 37.Nf6 g5 38.Qe8+ Kg7 39.Qg8+ Kh6 40.Ng4+ Kh5 41.Qe8+ Qg6 42.Nf6+
Kh6 43.Qf8+ Qg7 44.Ng8+ {#r} 1-0

[Event "St Louis Winter Classic B"]
[Site "masterchessopen.com Saint Louis USA"]
[Date "2017.03.14"]
[Round "4.1"]
[White "Rambaldi,Francesco"]
[Black "Chandra,Akshat"]
[Result "1-0"]
[WhiteElo "2559"]
[BlackElo "2505"]

1.e4 c5 2.Nf3 d6 3.d4 cxd4 4.Nxd4 Nf6 5.Nc3 a6 6.Be3 e6 7.Be2 Be7 8.Qd2 Qc7
9.g4 b5 10.g5 Nfd7 11.a3 Bb7 12.f4 Nc6 13.h4 Nc5 14.Bf3 O-O 15.O-O Rad8 16.Qg2
Nxd4 17.Bxd4 d5 18.e5 Ne4 19.Ne2 a5 20.c3 Nd2 21.Rfd1 Nb3 22.Rab1 b4 23.axb4
Nxd4 24.cxd4 Bxb4 25.Ng3 Rc8 26.f5 Qc2 27.Be2 exf5 28.Qf3 g6 29.Bd3 Qc6
30.Nxf5 gxf5 31.Bxf5 Kh8 32.Qh5 Qg6 33.Bxg6 fxg6 34.Qg4 Ba6 35.Rf1 Bd3 36.Rbd1
Bf5 37.Rxf5 gxf5 38.Qf4 Rc2 39.Kh1 Kg7 40.h5 Re2 41.g6 Re4 42.Qf2 Be7 43.Rg1
Rh4+ 44.Kg2 hxg6 45.Kf1 Rxh5 46.Qg2 Bg5 47.Qxd5 Be3 48.Rg3 f4 49.Rf3 Rh1+
50.Ke2 Rh2+ 51.Ke1 Rb8 52.Qd7+ Kh6 53.Rh3+ Rxh3 54.Qxh3+ Kg5 55.Qg2+ Kf5
56.Qc2+ Kg5 57.Qg2+ Kf5 58.Qc2+ Kg5 59.Qe4 Rb4 60.Qg2+ Kf5 61.Qc2+ Kg5 62.Qg2+
Kf5 63.Qc2+ Kg5 64.e6 Kf6 65.d5 Rd4 66.Qc7 Bd2+ 67.Kf1 Bb4 68.e7 Rd1+ 69.Kf2
Bxe7 70.Qxf4+ Kg7 71.Qc7 Rxd5 72.Qxe7+ Kh6 73.Qe3+ Kh7 74.Kg3 Rf5 75.Qe7+ Kh6
76.Kg4 Rh5 77.Qf7 Rg5+ {#r} 1-0

[Event "St Louis Winter Classic B"]
[Site "masterchessopen.com Saint Louis USA"]
[Date "2017.03.14"]
[Round "4.2"]
[White "Krush,I"]
[Black "Sukandar,I"]
[Result "0-1"]
[WhiteElo "2444"]
[BlackElo "2423"]

1.d4 Nf6 2.c4 e6 3.Nc3 Bb4 4.e3 O-O 5.Bd3 d5 6.Nf3 b6 7.O-O Ba6 8.cxd5 Bxd3
9.Qxd3 exd5 10.b3 Nbd7 11.Bb2 Re8 12.Rac1 a6 13.Nb1 Bd6 14.Ba3 c5 15.Rfd1 Qe7
16.Nc3 Red8 17.dxc5 Nxc5 18.Bxc5 bxc5 19.Kf1 Bc7 20.Qf5 g6 21.Qg5 Qe6 22.Qh4
Rac8 23.Na4 Bd6 24.Nc3 Be7 25.Qa4 h6 26.h3 Rb8 27.Ne2 Rb4 28.Qa5 Rb5 29.Qc3
Ne4 30.Qc2 Bf6 31.Nd2 Nxd2+ 32.Qxd2 d4 33.exd4 cxd4 34.Qd3 Rf5 35.Ng1 Rc8
36.Nf3 Rc3 37.Rxc3 dxc3 38.Nd4 Rd5 39.Qe3 c2 40.Rc1 Rxd4 41.Qxe6 fxe6 42.Rxc2
a5 43.Ke2 Kf7 44.Ke3 Rd5 {#R} 0-1

[Event "St Louis Winter Classic B"]
[Site "masterchessopen.com Saint Louis USA"]
[Date "2017.03.14"]
[Round "4.5"]
[White "Baryshpolets,A"]
[Black "Finegold,B"]
[Result "1-0"]
[WhiteElo "2578"]
[BlackElo "2481"]

1.Nf3 d5 2.d4 Bf5 3.c4 e6 4.Nc3 c6 5.Qb3 Qb6 6.c5 Qc7 7.Bf4 Qc8 8.Nh4 Nf6
9.Nxf5 exf5 10.h3 h5 11.e3 g6 12.Bd3 Bg7 13.Bd6 Bf8 14.Bh2 Bg7 15.O-O O-O
16.f3 Nbd7 17.Bd6 Re8 18.e4 Nh7 19.Ne2 fxe4 20.fxe4 Ng5 21.e5 h4 22.Rf4 b6
23.cxb6 axb6 24.Raf1 Qd8 25.Kh1 f5 26.Qc2 Rc8 27.b4 c5 28.Ba6 cxd4 29.Bxc8
Qxc8 30.Qxc8 Rxc8 31.Rxd4 Rc2 32.Re1 Ne4 33.Rxd5 Rxe2 34.Rxe2 Ng3+ 35.Kh2 Nxe2
36.Bc7 Nf8 37.Bxb6 Nf4 38.Rb5 Nd3 39.Kg1 Bxe5 40.Rd5 Nxb4 41.Rxe5 Nd7 42.Rb5
Nxa2 43.Bd4 Nc1 44.Kf2 {#r} 1-0

[Event "ch-CZE Junior 2017"]
[Site "masterchessopen.com Kouty nad Desnou CZE"]
[Date "2017.03.14"]
[Round "6.5"]
[White "Hollan,Petr"]
[Black "Slovak,Kilian"]
[Result "1-0"]
[WhiteElo "2332"]
[BlackElo "2143"]

1.c4 g6 2.Nc3 Bg7 3.e4 d6 4.d4 Nf6 5.Bd3 O-O 6.Nge2 c5 7.d5 e6 8.O-O exd5
9.cxd5 Re8 10.Ng3 Ng4 11.h3 Ne5 12.Be2 Na6 13.Be3 Nc7 14.Qd2 Rb8 15.a4 a6
16.f4 Nd7 17.f5 b5 18.Bh6 bxa4 19.Bxg7 Kxg7 20.Qf4 Qe7 21.h4 Qe5 22.Qg5 Nf6
23.fxg6 hxg6 24.Rxf6 {#r} 1-0

[Event "ch-CZE Junior 2017"]
[Site "masterchessopen.com Kouty nad Desnou CZE"]
[Date "2017.03.14"]
[Round "6.6"]
[White "Kozusek,Daniel"]
[Black "Jelinek,Michal"]
[Result "1-0"]
[WhiteElo "2216"]
[BlackElo "2056"]

1.d4 Nf6 2.c4 e6 3.g3 d5 4.Nf3 Be7 5.Bg2 O-O 6.O-O c6 7.Qc2 Nbd7 8.Rd1 b6
9.Nc3 a5 10.e4 Bb7 11.cxd5 cxd5 12.e5 Ne8 13.Bf1 Nc7 14.Bd3 h6 15.Be3 Ba6
16.Bxa6 Nxa6 17.Qa4 Qc8 18.Rac1 Qb7 19.Qb5 Rfc8 20.Na4 Nb4 21.Rxc8+ Rxc8 22.a3
Nc6 23.Rc1 Na7 24.Rxc8+ Nxc8 25.Nc5 Bxc5 26.dxc5 Na7 27.Qb3 b5 28.a4 b4 29.Qd3
Nc6 30.Qb5 Qa8 31.Bd4 g5 32.h3 Kf8 33.b3 Ke7 34.Bb2 Kd8 35.Nd4 Ndxe5 36.Qb6+
Ke8 37.Nb5 Qd8 38.Qa6 d4 39.f4 gxf4 40.gxf4 Nb8 41.Nd6+ Ke7 42.Qb7+ Ned7
43.Bxd4 Qg8+ 44.Kh2 Qg6 45.f5 exf5 46.Qc8 Ke6 47.Ne8 Kd5 48.Bf2 Ke4 49.Bg3 Kf3
50.Qc7 Qe6 51.Qf4+ Ke2 52.Nd6 Qxb3 53.Nxf5 Kd1 54.Qf1+ Kd2 55.Be1+ Kc1 56.Nd4
Qb2+ 57.Bf2+ Kd2 58.Qe2+ Kc3 59.Be1+ {#r} 1-0

[Event "17th Mediterranean Flower"]
[Site "masterchessopen.com Rijeka CRO"]
[Date "2017.03.14"]
[Round "3.3"]
[White "Nikolova,A"]
[Black "Medic,Mir"]
[Result "1-0"]
[WhiteElo "2339"]
[BlackElo "2149"]

1.e4 e6 2.d4 d5 3.Nd2 Nf6 4.e5 Nfd7 5.f4 c5 6.c3 Nc6 7.Ndf3 Qb6 8.g3 Be7 9.Bh3
cxd4 10.cxd4 f5 11.g4 g6 12.Ne2 O-O 13.gxf5 exf5 14.Nc3 Bb4 15.Kf2 Ne7 16.Na4
Qd8 17.a3 Ba5 18.Ng5 Nb8 19.Nc5 Re8 20.b4 Bb6 21.Be3 Nec6 22.Bg2 h6 23.Nf3 Nd7
24.h4 Nf8 25.h5 Kg7 26.hxg6 Nxg6 27.Rh3 Bxc5 28.bxc5 Nce7 29.Qh1 Rh8 30.Rg3
Qe8 31.Nh4 Kh7 32.Nxg6 Nxg6 33.Bxd5 Qa4 34.Rxg6 Qc2+ 35.Kf3 Kxg6 36.Qh5+ {#r}
1-0

[Event "17th Mediterranean Flower"]
[Site "masterchessopen.com Rijeka CRO"]
[Date "2017.03.14"]
[Round "3.4"]
[White "Kejzar,Petra"]
[Black "Doluhanova,E"]
[Result "0-1"]
[WhiteElo "2013"]
[BlackElo "2270"]

1.e4 c5 2.Nf3 d6 3.d4 cxd4 4.Qxd4 a6 5.Be2 Nc6 6.Qe3 g6 7.O-O Bg7 8.h3 Nf6
9.Rd1 Nd7 10.c4 Qb6 11.Nc3 O-O 12.Rb1 Rb8 13.Qxb6 Nxb6 14.Be3 Nd7 15.Nd5 Nc5
16.e5 Bf5 17.Rbc1 Rfe8 18.g4 Be4 19.exd6 exd6 20.Nc3 Rbd8 21.b3 Nb4 22.Bxc5
Bxc3 23.Rxd6 Rxd6 24.Bxd6 Nxa2 25.Rf1 Bc2 26.Bd1 Bd3 27.c5 Nb4 28.g5 Nc6 29.h4
Bxf1 30.Kxf1 Nd4 31.Nxd4 Re1+ 32.Kg2 Rxd1 33.Ne2 Bb2 34.f4 f5 35.gxf6 Bxf6
36.h5 Rd2 37.Kf1 Rb2 38.b4 Rxb4 39.hxg6 hxg6 40.Kg2 Rb2 41.Kf3 a5 42.Ng3 a4
43.Ke4 a3 44.c6 bxc6 {#R} 0-1

[Event "17th Mediterranean Flower"]
[Site "masterchessopen.com Rijeka CRO"]
[Date "2017.03.14"]
[Round "3.5"]
[White "Berke,A"]
[Black "Cvitan,Ena"]
[Result "0-1"]
[WhiteElo "2153"]
[BlackElo "2029"]

1.e4 c6 2.c4 d5 3.cxd5 cxd5 4.exd5 Nf6 5.Nc3 Nxd5 6.d4 Nc6 7.Nf3 e6 8.Bd3 Bb4
9.Bd2 Be7 10.O-O Bf6 11.Re1 Ndb4 12.Bb1 Nxd4 13.Nxd4 Bxd4 14.Ne4 Nc6 15.Qc2 f5
16.Ng5 O-O 17.Nxe6 Bxe6 18.Rxe6 Qd5 19.Re1 Rad8 20.Bc3 Bxc3 21.Qxc3 Qd2 22.a3
Qxc3 23.bxc3 g6 24.Ba2+ Kg7 25.Rad1 Rfe8 26.Kf1 Rxe1+ 27.Kxe1 Rxd1+ 28.Kxd1
Ne5 29.Bd5 b6 30.Ke2 f4 31.g3 g5 32.h4 h6 33.hxg5 hxg5 34.gxf4 gxf4 35.Kd2 Kf6
36.c4 Nd7 37.Kc3 Ke5 38.Kb4 a6 39.f3 Kd4 40.a4 Nc5 41.Ba8 Nd3+ 42.Kb3 a5
43.Bc6 Nc5+ 44.Ka3 Kxc4 45.Ba8 Kc3 46.Bc6 Nd3 47.Bb7 Ne5 48.Ba8 Nc4+ 49.Ka2
Kb4 50.Bd5 Ne3 51.Bc6 Nc4 52.Bd5 Ne5 53.Kb2 Nd3+ 54.Kc2 Nc5 55.Kd2 Nxa4 56.Kd3
Nc5+ 57.Kd4 a4 58.Ke5 a3 59.Ba2 Kc3 60.Kxf4 Kb2 {#R} 0-1

[Event "72nd ch-AZE 2017"]
[Site "masterchessopen.com Baku AZE"]
[Date "2017.03.14"]
[Round "8.1"]
[White "Idrisov,T"]
[Black "Abasov,N"]
[Result "0-1"]
[WhiteElo "2315"]
[BlackElo "2583"]

1.d4 Nf6 2.c4 e6 3.Nc3 Bb4 4.Qc2 b6 5.Bg5 Bb7 6.e3 h6 7.Bh4 g5 8.Bg3 d6 9.Nf3
Nbd7 10.Bd3 Qe7 11.O-O-O Bxc3 12.Qxc3 O-O-O 13.Qc2 Kb8 14.Kb1 Nh5 15.Be4 c6
16.Qa4 Nxg3 17.hxg3 Rc8 18.Rc1 f5 19.Bd3 c5 20.Rhd1 Nf6 21.Qc2 Rcd8 22.Ka1
Rhf8 23.a3 Qg7 24.Qe2 Ne4 25.Qc2 g4 26.Nh4 cxd4 27.exd4 Qxd4 28.Bxe4 Qxe4
29.Qd2 Rf6 30.c5 bxc5 31.Rxc5 Qa4 32.Rdc1 Qa6 33.Rc7 Rc8 34.Rxc8+ Bxc8 35.Qb4+
Bb7 36.Qc3 Rf8 37.Qc7+ Ka8 38.Qe7 Rc8 39.Rxc8+ Bxc8 40.Qc7 e5 41.Qc1 Be6
42.Ng6 Qc4 43.Qxc4 Bxc4 44.Ne7 Be6 45.Nc6 h5 46.b4 f4 47.gxf4 h4 {#R} 0-1

[Event "72nd ch-AZE 2017"]
[Site "masterchessopen.com Baku AZE"]
[Date "2017.03.14"]
[Round "8.2"]
[White "Rasulov,Vu"]
[Black "Abdulov,Or"]
[Result "0-1"]
[WhiteElo "2506"]
[BlackElo "2384"]

1.d4 d5 2.c4 c6 3.Nf3 Nf6 4.e3 g6 5.Ne5 Bg7 6.cxd5 cxd5 7.Bb5+ Nbd7 8.O-O O-O
9.Nc3 Nxe5 10.dxe5 Ne4 11.Nxd5 Bxe5 12.f3 e6 13.Nf4 Qb6 14.fxe4 Qxb5 15.a4 Qc6
16.Nd3 Bg7 17.e5 b6 18.Bd2 Bb7 19.Rf2 Rfd8 20.Ra3 Rd7 21.Bc3 Bf8 22.b4 a5
23.Bd4 axb4 24.Ra1 Bc5 25.Rc1 Qd5 26.Nb2 Qe4 27.Kh1 Bxd4 28.exd4 Rxd4 29.Qb3
Qxe5 30.h3 Bd5 31.Qc2 Qe3 32.Rcf1 f5 {#R} 0-1

[Event "72nd ch-AZE 2017"]
[Site "masterchessopen.com Baku AZE"]
[Date "2017.03.14"]
[Round "8.4"]
[White "Sevdimaliev,U"]
[Black "Muradli,Mahammad"]
[Result "1-0"]
[WhiteElo "2376"]
[BlackElo "2331"]

1.e4 c5 2.Nf3 d6 3.d4 cxd4 4.Nxd4 Nf6 5.Nc3 a6 6.Be3 e5 7.Nb3 Be6 8.f4 exf4
9.Bxf4 Nc6 10.Qe2 Be7 11.h3 O-O 12.O-O-O Qc7 13.g4 Rfe8 14.g5 Nd7 15.Kb1 b5
16.Qg2 b4 17.Nd5 Bxd5 18.exd5 Nce5 19.Nd4 a5 20.Nc6 Nxc6 21.dxc6 Nc5 22.Bc4
Ne6 23.Bc1 a4 24.h4 a3 25.b3 Ra5 26.Bd5 Rc8 27.Rhf1 Rxd5 28.Qxd5 Qxc6 29.Qxc6
Rxc6 30.Rf5 Rb6 31.Be3 Rb8 32.Ra5 f6 33.Ra7 Re8 34.Rg1 fxg5 35.hxg5 d5 36.Rb7
Bf8 37.Bd2 Nc5 38.Rb5 Ne4 39.Rxd5 g6 40.Kc1 Rc8 41.Rg4 Nxd2 42.Kxd2 Bg7 43.Rc4
Bc3+ 44.Kd3 Rf8 45.Rc7 Rf3+ 46.Ke2 Rf8 47.Rdd7 h6 48.gxh6 Kh8 49.Rc6 Rg8
50.Rcd6 Re8+ 51.Kf3 Rf8+ 52.Kg4 Bf6 53.Rb6 Bc3 54.Rxg6 Rf2 55.Rc6 Rf8 56.Rdc7
Rf1 57.Kh5 Rh1+ 58.Kg6 Rg1+ 59.Kf5 Re1 60.Rb7 Re8 61.Re6 Rf8+ 62.Ke4 Rd8
63.Ree7 Rd4+ 64.Ke3 Rd8 65.Red7 Re8+ 66.Kd3 Rf8 67.Kc4 Rf4+ 68.Kb5 Rf5+ 69.Ka6
Rf8 70.Ka7 {#r} 1-0

[Event "72nd ch-AZE 2017"]
[Site "masterchessopen.com Baku AZE"]
[Date "2017.03.14"]
[Round "8.6"]
[White "Bayramov,Zaur"]
[Black "Bashirli,Nail"]
[Result "0-1"]
[WhiteElo "2229"]
[BlackElo "2369"]

1.e4 Nf6 2.Nc3 e5 3.g3 Nc6 4.Bg2 Bc5 5.d3 d6 6.h3 a6 7.Nge2 Be6 8.Nd5 Qd7 9.c3
Bxd5 10.exd5 Ne7 11.c4 b5 12.a3 a5 13.Nc3 bxc4 14.dxc4 O-O 15.O-O Nf5 16.Kh2
h6 17.Rb1 a4 18.g4 Nh4 19.f4 exf4 20.Bxf4 Rfe8 21.Qd3 Rab8 22.Nb5 Nxg2 23.Kxg2
Nxg4 24.Rbe1 Rxe1 25.Rxe1 Nf6 26.Rf1 Re8 27.Nc3 Rb8 28.Qc2 Bd4 29.Nxa4 c6
30.Qd2 c5 31.Qc2 Re8 32.Nc3 Qe7 33.Nb5 Be5 34.Re1 Nh5 35.Bd2 Qh4 36.Re3 Nf4+
37.Kf1 Nxh3 38.Rf3 Qg4 {#R} 0-1

[Event "72nd ch-AZE 2017"]
[Site "masterchessopen.com Baku AZE"]
[Date "2017.03.14"]
[Round "8.8"]
[White "Aliyev,Ravan"]
[Black "Hasanzade,Toghrul"]
[Result "1-0"]
[WhiteElo "2261"]
[BlackElo "2377"]

1.d4 Nf6 2.c4 c6 3.Nc3 d5 4.e3 e6 5.Nf3 Nbd7 6.Qc2 Bd6 7.e4 dxe4 8.Nxe4 Nxe4
9.Qxe4 Nf6 10.Qh4 c5 11.Bd3 cxd4 12.O-O Bd7 13.Nxd4 Qa5 14.Be3 Rd8 15.Rfe1 Qh5
16.Qxh5 Nxh5 17.Be4 b6 18.Nc6 Bxc6 19.Bxc6+ Ke7 20.Bf3 Nf6 21.a3 Rc8 22.Rac1
Nd7 23.b4 Rc7 24.Rc2 Rhc8 25.Be2 a5 26.Rb1 axb4 27.axb4 f5 28.g3 e5 29.f3 Ra7
30.Rd2 Ra3 31.Bf2 Rc7 32.c5 bxc5 33.Rbd1 Rc6 34.bxc5 e4 35.cxd6+ Kd8 36.fxe4
fxe4 37.Bb5 {#r} 1-0

[Event "72nd ch-AZE 2017"]
[Site "masterchessopen.com Baku AZE"]
[Date "2017.03.14"]
[Round "8.9"]
[White "Guliev,Sarh"]
[Black "Zeynalov,R"]
[Result "0-1"]
[WhiteElo "2403"]
[BlackElo "2237"]

1.d4 f5 2.Bg5 g6 3.h4 Bg7 4.Nc3 Nh6 5.Qd2 Nf7 6.Bf4 d6 7.O-O-O e5 8.dxe5 dxe5
9.Qe3 Nd7 10.Bg5 Nxg5 11.hxg5 c6 12.g4 Qb6 13.gxf5 Qxe3+ 14.fxe3 gxf5 15.e4
Nc5 16.Bg2 a5 17.Nh3 f4 18.Nf2 Be6 19.Bf3 b5 20.Nd3 Nxd3+ 21.exd3 h6 22.gxh6
Rxh6 23.Rxh6 Bxh6 24.Rh1 Bg7 25.Nd1 Ke7 26.Nf2 Rh8 27.Rxh8 Bxh8 28.Bg4 Bf7
29.Nh3 Bf6 30.Ng1 Kd6 31.Nf3 c5 32.a4 c4 33.axb5 cxd3 34.cxd3 Kc5 35.Kc2 Kxb5
36.Kc3 Kc5 37.b3 Kb5 38.Nd2 Bh4 39.Nf3 Bf6 40.Nd2 Be7 41.Nc4 Bb4+ 42.Kc2 Bxc4
43.dxc4+ Kc5 44.Kd3 Be1 45.Bd1 Kb4 46.Kc2 a4 47.bxa4 Kxc4 48.Bh5 Ba5 49.Kd1
Kd3 50.Bg4 Ke3 51.Bh5 f3 52.Bg4 Kxe4 53.Bd7 Kf4 54.Bc8 e4 55.Bb7 e3 56.Ba6 Kg3
{#R} 0-1

[Event "72nd ch-AZE 2017"]
[Site "masterchessopen.com Baku AZE"]
[Date "2017.03.14"]
[Round "8.10"]
[White "Mustafin,Andrey"]
[Black "Akhmedov,F"]
[Result "1-0"]
[WhiteElo "2270"]
[BlackElo "2165"]

1.e4 b6 2.Nc3 Bb7 3.d4 e6 4.Be3 Bb4 5.f3 Ne7 6.Ne2 Ng6 7.Qd2 O-O 8.Nf4 Nxf4
9.Bxf4 d5 10.exd5 Qxd5 11.Nxd5 Bxd2+ 12.Kxd2 Bxd5 13.Bxc7 Nd7 14.Ba6 Nb8
15.Bd3 Nd7 16.Rhe1 Rac8 17.Bg3 Bc4 18.a4 Bxd3 19.Kxd3 Rfd8 20.c3 a6 21.Kc2 Nf6
22.Kb3 Rd5 23.Re5 Rd7 24.Rd1 Nd5 25.Ree1 Ne7 26.Bf2 Rdc7 27.Re4 Nd5 28.Be1 Rc4
29.Bd2 Nf6 30.Re2 Nd5 31.f4 g6 32.g4 b5 33.axb5 axb5 34.f5 b4 35.fxe6 fxe6
36.Rxe6 bxc3 37.bxc3 R4c7 38.Rc1 Kf7 39.Ra6 Rb7+ 40.Ka2 Rc4 41.Ra3 Rbc7 42.Rb3
R4c6 43.Kb2 Rf6 44.Bg5 Rfc6 45.Rf1+ Kg8 46.Bd2 Re6 47.Rf2 Nb6 48.Kc2 Nd5
49.Kd3 Nf6 50.Bf4 Rc8 51.h3 Nd5 52.c4 Nb6 53.c5 Nd5 54.Be5 {#r} 1-0

[Event "72nd ch-AZE 2017"]
[Site "masterchessopen.com Baku AZE"]
[Date "2017.03.14"]
[Round "8.11"]
[White "Guliev,L"]
[Black "Bayramov,Elvin"]
[Result "1-0"]
[WhiteElo "2365"]
[BlackElo "2280"]

1.e4 c5 2.Nf3 Nc6 3.d4 cxd4 4.Nxd4 e5 5.Nb5 d6 6.c4 Nf6 7.N1c3 a6 8.Na3 Be7
9.Be2 O-O 10.Be3 Be6 11.O-O Ne8 12.Qd2 f5 13.exf5 Bxf5 14.Nd5 Nf6 15.Bb6 Qd7
16.Nxe7+ Nxe7 17.Rad1 Qc6 18.Qb4 Nc8 19.Be3 Bg4 20.f3 Be6 21.Bd3 Ne7 22.Bc2
Nc8 23.Rf2 Rf7 24.Rfd2 e4 25.fxe4 Nxe4 26.Rd4 Nf6 27.h3 Bxh3 28.gxh3 Qf3
29.Bf4 Nh5 30.Rf1 Qxh3 31.Qe1 Qg4+ 32.Kh2 Ne7 33.Rg1 Qxf4+ 34.Rxf4 Nxf4 35.Nb1
Nc6 36.Qh4 h5 37.Rf1 Raf8 38.Nd2 Ne5 39.Qe1 g6 40.Be4 Kg7 41.Kh1 h4 42.Bd5 Rf5
43.Be4 R5f7 44.Qe3 b5 45.c5 Nh5 46.Rxf7+ Rxf7 47.cxd6 Ng3+ 48.Kg2 Ng4 49.Qd4+
Nf6 50.Bd3 Nh5 51.Nf3 {#r} 1-0

[Event "72nd ch-AZE 2017"]
[Site "masterchessopen.com Baku AZE"]
[Date "2017.03.14"]
[Round "8.12"]
[White "Soyunlu,N"]
[Black "Suleymanli,Aydin"]
[Result "0-1"]
[WhiteElo "2032"]
[BlackElo "2390"]

1.g3 Nf6 2.Bg2 d5 3.c4 e6 4.Nf3 Be7 5.d4 O-O 6.Qc2 a6 7.O-O dxc4 8.Qxc4 b5
9.Qc2 Bb7 10.Nc3 Nbd7 11.Bf4 c5 12.dxc5 Nxc5 13.Rad1 Qe8 14.a3 Rc8 15.Rc1 a5
16.b4 axb4 17.axb4 Na6 18.Qd3 Bc6 19.Nd4 Nxb4 20.Qb1 Bd7 21.Bb7 Rc4 22.Rfd1
Nfd5 23.Nxd5 exd5 24.Nf3 Be6 25.Nd2 Rxf4 26.gxf4 Qd7 27.Bc6 Nxc6 28.Qxb5 Nd4
29.Qxd7 Bxd7 30.Rc7 Nxe2+ 31.Kh1 Rd8 32.Re1 Bd6 33.Rb7 Nxf4 34.Ra1 h6 35.Nb3
d4 36.Rb6 Be6 37.Nxd4 Bd5+ 38.Kg1 Bc5 {#R} 0-1

[Event "74th ch-GEO w 2017"]
[Site "masterchessopen.com Tbilisi GEO"]
[Date "2017.03.14"]
[Round "4.4"]
[White "Melia,S"]
[Black "Khomeriki,N"]
[Result "1-0"]
[WhiteElo "2394"]
[BlackElo "2317"]

1.e4 e5 2.Nf3 Nc6 3.Bc4 Nf6 4.d3 Be7 5.O-O O-O 6.Re1 d6 7.a4 Kh8 8.a5 a6 9.h3
Ng8 10.Nc3 f5 11.Nd5 Bf6 12.c3 Nce7 13.Nxe7 Bxe7 14.Qe2 c6 15.Bb3 Qe8 16.Bc2
fxe4 17.dxe4 Qg6 18.Kh1 Be6 19.c4 Qf7 20.c5 dxc5 21.Be3 Qh5 22.Ng5 Qxe2
23.Rxe2 Bc4 24.Rd2 Rad8 25.Rxd8 Rxd8 26.b3 h6 27.Nf3 Bd3 28.Bxd3 Rxd3 29.Nxe5
Rxb3 30.Ng6+ Kh7 31.Nxe7 Nxe7 32.Bxc5 Ng6 33.Bd6 Kg8 34.Rd1 Kf7 35.f4 Ne7
36.f5 g6 37.Bxe7 Kxe7 38.fxg6 Kf6 39.Rd6+ Kg7 40.h4 Rb5 41.g4 Rxa5 42.h5 Re5
43.Rd7+ Kg8 44.Kg2 Rxe4 45.Kf3 Re8 46.g5 a5 47.gxh6 a4 48.Rxb7 Ra8 49.Rb2 a3
50.Ra2 c5 51.Ke4 c4 52.Kd4 Ra4 53.Kc3 Kh8 54.Ra1 Kg8 55.h7+ Kh8 56.Rf1 Ra8
57.Kxc4 a2 58.Ra1 Ra4+ 59.Kb3 Ra5 60.Rxa2 Ra7 61.Rf2 Ra8 62.Kc4 Rc8+ 63.Kd5
Rd8+ 64.Ke6 Ra8 65.Rd2 Ra6+ 66.Rd6 Ra8 67.Kf6 Rb8 68.Kg5 Rb7 69.Rd8+ {#r} 1-0

[Event "74th ch-GEO w 2017"]
[Site "masterchessopen.com Tbilisi GEO"]
[Date "2017.03.14"]
[Round "4.5"]
[White "Khotenashvili,B"]
[Black "Khurtsidze,N"]
[Result "1-0"]
[WhiteElo "2434"]
[BlackElo "2383"]

1.d4 Nf6 2.c4 e6 3.Nf3 d5 4.Nc3 Bb4 5.Qa4+ Nc6 6.e3 O-O 7.Qc2 a6 8.a3 Be7 9.b4
dxc4 10.Bxc4 Bd6 11.O-O e5 12.h3 h6 13.dxe5 Nxe5 14.Nxe5 Bxe5 15.Bb2 Ne8
16.Rad1 Nd6 17.f4 Bf6 18.Ba2 Qe8 19.e4 Bd8 20.Rfe1 Qc6 21.Qd3 Bh4 22.Nd5 Be6
23.Rc1 Bxd5 24.Rxc6 Bxc6 25.g3 Bxe4 26.Rxe4 Nxe4 27.Qxe4 Rad8 28.Bc3 Bf6
29.Bb1 Rd1+ 30.Kf2 Rxb1 31.Bxf6 Rb3 32.Bxg7 Rd8 33.Bf6 {#r} 1-0